[Event "IECG CP.2005.P.00087"]
[Site "IECG email"]
[Date "2005.10.01"]
[Round "?"]
[White "Piech, Jacek"]
[Black "Ottaviani, Mauro"]
[Result "0-1"]
[WhiteElo "1000"]
[BlackElo "2034"]
[PlyCount "90"]
[EventDate "2005.10.01"]
[EventType "tourn (corr)"]
[EventRounds "6"]
[SourceTitle "Corr 2008"]
[Source "ChessBase"]
[SourceDate "2008.06.24"]
[SourceVersion "1"]
[SourceVersionDate "2008.06.24"]
[SourceQuality "1"]

1. d4 d5 2. c4 c6 3. cxd5 cxd5 4. Nf3 Nc6 5. e3 Bf5 6. Nc3 e6 7. Be2 Bd6 8. Bd2 a6 9. 0-0 Nge7 10. Nh4 Rc8 11. Nxf5 Nxf5 12. Bd3 Qh4 13. f4 g6 14. Rf3 Qf6 15. a3 0-0 16. Rc1 Rc7 17. Rh3 Rfc8 18. b4 b5 19. g4 Nxe3 20. Bxe3 Bxf4 21. Bxf4 Qxf4 22. Ne2 Nxd4 23. Nxf4 Rxc1 24. Qxc1 Rxc1+ 25. Kf2 Ra1 26. Be2 h6 27. Rd3 Nc2 28. Rc3 Nxa3 29. Rc8+ Kg7 30. Rc7 Kf8 31. Nd3 Nc4 32. Nc5 a5 33. Nb3 Rb1 34. Nxa5 Rxb4 35. Nc6 Rb2 36. Rc8+ Kg7 37. Rc7 Kf6 38. h4 g5 39. h5 Ra2 40. Rb7 Nd6 41. Rd7 Ne4+ 42. Kf3 Rc2 43. Nd8 Rc3+ 44. Kg2 b4 45. Rxf7+ Ke5 0-1